000 00347 a2200109 4500
001 ART_5548
005 20260410161827.0
008 260409a
245 1 0 _aDeterminantes de la participación laboral en Buenos Aires
100 1 _aBour, Juan Luis
773 0 _tEstudios Económicos
_g- Vol. 2, Nº 3/4 (ene./dic. 1983)
_wREV5080
999 _c22905
_d22905